روح صوم رمضان / (رقم التسجيلة. 47)
[ عرض عادي ]
| 000 -الفاتح | |
|---|---|
| عناصر البيانات ثابتة الطول | 00687cam a2200205 i 4500 |
| 005 - تاريخ ووقت آخر معاملة | |
| حقل ضبط | 20251210102103.0 |
| 008 - عناصر البيانات ثابتة الطول | |
| عناصر البيانات ثابتة الطول | 250721s2011 jo gr 000 0 ara d |
| 082 14 - رقم تصنيف ديوي العشري | |
| رقم التصنيف | 216.23 |
| رقم المادة | ه و د |
| 100 12 - مدخل رئيسي – اسم شخصي | |
| الاسم الشخصي | الهودلي، سعيد مفلح |
| علاقة الشخص بالعمل/ دوره | مؤلف. |
| 245 10 - بيان العنوان | |
| العنوان | روح صوم رمضان / |
| بيان المسؤولية | تأليف المهندس سعيد مفلح الهودلي. |
| 250 ## - بيان الطبعة | |
| بيان الطبعة | الطبعه الاوبى. |
| 264 31 - بيانات النشر، التوزيع…إلخ | |
| مكان النشر، التوزيع...إلخ | عمان : |
| اسم الناشر، الموزع...إلخ | دار المأمون للنشر و التوزيع، |
| تاريخ النشر، التوزيع...إلخ | 2011. |
| 300 ## - الوصف المادي | |
| عدد الوحدات المكونة للوعاء | 104صفحه. |
| 650 17 - مدخل إضافي بالموضوع - مصطلح موضوعي | |
| مصطلح موضوعي أو اسم جغرافي كعنصر مدخل | الفقه الاسلاميز . |
| 650 17 - مدخل إضافي بالموضوع - مصطلح موضوعي | |
| مصطلح موضوعي أو اسم جغرافي كعنصر مدخل | العبادات. |
| 650 17 - مدخل إضافي بالموضوع - مصطلح موضوعي | |
| مصطلح موضوعي أو اسم جغرافي كعنصر مدخل | رمضان |
| 650 17 - مدخل إضافي بالموضوع - مصطلح موضوعي | |
| مصطلح موضوعي أو اسم جغرافي كعنصر مدخل | الصوم. |
| 942 ## - بيانات إضافية (كوها) | |
| نوع التنصيف | Dewey Decimal Classification |
| نوع المادة (كوها) | كتب |
| حالة السحب | حالة الفقدان | مصدر التصنيف | حالة التلف | غير قابل للإعارة | المكتبة الرئيسية | المكتبة الحالية | موقع الرف | تاريخ التزويد | الرقم المتسلسل | Total Checkouts | رقم الإستدعاء | الباركود | تاريخ آخر ظهور | تاريخ الفاتورة | نوع المادة (كوها) |
|---|---|---|---|---|---|---|---|---|---|---|---|---|---|---|---|
| Dewey Decimal Classification | المكتبة المركزية | المكتبة المركزية | الإعارة | 28/07/2025 | 1504636 | 216.23 / ه و د | PLD00234954 | 28/07/2025 | 28/07/2025 | كتب | |||||
| Dewey Decimal Classification | مكتبة أبو علندا العامة | مكتبة أبو علندا العامة | الإعارة | 07/12/2011 | 1504638 | 216.23/هود | PLD00235349 | 28/07/2025 | 07/12/2011 | كتب | |||||
| Dewey Decimal Classification | مكتبة أم قصير والمقابلين العامة | مكتبة أم قصير والمقابلين العامة | الإعارة | 07/12/2011 | 1504642 | 216.23/هود | PLD00235353 | 28/07/2025 | 07/12/2011 | كتب | |||||
| Dewey Decimal Classification | مكتبة الأميرة ايمان العامة | مكتبة الأميرة ايمان العامة | الإعارة | 07/12/2011 | 1504639 | 216.23/هود | PLD00235350 | 28/07/2025 | 07/12/2011 | كتب | |||||
| Dewey Decimal Classification | مكتبة الاميرة بديعة | مكتبة الاميرة بديعة | الإعارة | 07/12/2011 | 1504640 | 216.23/هود | PLD00235351 | 28/07/2025 | 07/12/2011 | كتب | |||||
| Dewey Decimal Classification | مكتبة الجويدة | مكتبة الجويدة | الإعارة | 07/12/2011 | 1504641 | 216.23/هود | PLD00235352 | 28/07/2025 | 07/12/2011 | كتب | |||||
| Dewey Decimal Classification | مكتبة الحسن العامة | مكتبة الحسن العامة | الإعارة | 07/12/2011 | 1504645 | 216.23/هود | PLD00235356 | 28/07/2025 | 07/12/2011 | كتب | |||||
| Dewey Decimal Classification | مكتبة صويلح العامة | مكتبة صويلح العامة | الإعارة | 07/12/2011 | 1504644 | 216.23/هود | PLD00235355 | 28/07/2025 | 07/12/2011 | كتب | |||||
| Dewey Decimal Classification | مكتبة وادي السير العامة | مكتبة وادي السير العامة | الإعارة | 07/12/2011 | 1504643 | 216.23/هود | PLD00235354 | 28/07/2025 | 07/12/2011 | كتب | |||||
| Dewey Decimal Classification | مكتبة وادي السير العامة | مكتبة وادي السير العامة | الإعارة | 17/02/2016 | [3181].. | 216.23/هود | PLD00374866 | 28/07/2025 | 17/02/2016 | كتب |